000 00556 a2200193 4500
005 20250130101345.0
008 250129b |||||||| |||| 00| 0 eng d
020 _a9788184872095
_cRs. 850.00
040 _aMAIN
082 _a005.13
_bP171C
100 _aPal, Madhumangal
245 _aC programming: Including numerical and statistical methods
260 _bNarosa Publishing House
_c2019
_aNew Delhi
300 _axiii, 609
650 _aComputer Science
650 _aComputer Programming Language
650 _aNumerical Methods
942 _cBK
999 _c360761
_d360761